2007 (Record no. 80334)

MARC details
000 -LEADER
fixed length control field 00714cab a22001935a 4500
001 - CONTROL NUMBER
control field L144031
008 - FIXED-LENGTH DATA ELEMENTS--GENERAL INFORMATION
fixed length control field 080612e20080416xxkad f s 000 0 eng d
035 ## - SYSTEM CONTROL NUMBER
System control number (Sirsi) u144031
041 0# - LANGUAGE CODE
Language code of text/sound track or separate title eng
100 1# - MAIN ENTRY--PERSONAL NAME
Personal name Leitch, John
245 00 - TITLE STATEMENT
Title 2007
Remainder of title the big players? profits kept on rising
260 ## - PUBLICATION, DISTRIBUTION, ETC.
Date of publication, distribution, etc. 2008
490 #0 - SERIES STATEMENT
Series statement Contract Journal
Volume/sequential designation 441(6671) 16 April 2008, 11-14(2)
520 ## - SUMMARY, ETC.
Summary, etc. Details how UK contracting firms performed in 2007. Reports that the largest earners doubled pre-tax profit. Acquisitions have increased resulting in larger and larger firms. Tables include top ten profit makers.
590 ## - LOCAL NOTE (RLIN)
Local note KA
651 #4 - SUBJECT ADDED ENTRY--GEOGRAPHIC NAME
Geographic name United Kingdom
Chronological subdivision
690 ## - LOCAL SUBJECT ADDED ENTRY--TOPICAL TERM (OCLC, RLIN)
Topical term or geographic name as entry element BUILT ENVIRONMENT-CONSTRUCTION MARKET
942 ## - ADDED ENTRY ELEMENTS (KOHA)
Suppress in OPAC 0
Holdings
Withdrawn status Lost status Source of classification or shelving scheme Damaged status Not for loan Home library Current library Shelving location Date acquired Total Checkouts Full call number Barcode Date last seen Copy number Price effective from Koha item type
    Dewey Decimal Classification     London London Journal article 12/06/2008   L144031 144031-1001 06/08/2019 1 06/08/2019 Journal article